000 00744nam a22002417a 4500
001 35830
003 UA-OsUOA
005 20210504221526.0
007 ta
008 20051220b un ||||| |||| 00| 0 ukr d
040 _aUA-OsUOA
_bukr
_cUA-OsUOA
_dUA-OsUOA
041 _aukr
080 _a929
090 _a929
_bК73
100 _aКотов В. Н.
245 _aВ. І. Ленін - основоположник радянської історичної науки
260 _aК.
_bРадянська школа
_c1969
300 _a265 с.
650 7 _a9 Географія. Біографії. Історія
_2UDC
942 _cBK
_2udc
955 _a2
999 _c286309
_d286309